[Event "Olkhovskiy Memorial rapid"]
[Site "Vinnytsia"]
[Date "2016.04.23"]
[Round "2"]
[White "Boronin, Andrey"]
[Black "Budnikov, Oleg"]
[Result "0-1"]
[WhiteElo "2180"]
[BlackElo "2367"]
[PlyCount "67"]
[EventDate "2016.04.23"]
[EventType "swiss (rapid)"]
[EventRounds "13"]
[EventCountry "UKR"]
[SourceTitle "CBM 172 Extra"]
[Source "ChessBase"]
[SourceDate "2016.06.21"]
[SourceVersion "1"]
[SourceVersionDate "2016.06.21"]
[SourceQuality "1"]

1. d4 Nf6 2. c4 e6 3. Nc3 Bb4 4. e3 0-0 5. Bd3 d5 6. a3 Bxc3+ 7. bxc3 c5 8. cxd5 Qxd5 9. Nf3 b6 10. 0-0 Ba6 11. Re1 Bxd3 12. Qxd3 Qe4 13. Qb5 Nbd7 14. Nd2 Qc2 15. Qb2 Qxb2 16. Bxb2 Rac8 17. Rec1 Rfd8 18. Kf1 Nb8 19. Ke2 Rd7 20. f4 Nc6 21. Nc4 Ne4 22. a4 f5 23. a5 b5 24. Nd2 Nxd2 25. Kxd2 a6 26. Ke2 c4 27. Rg1 Ne7 28. g4 Nd5 29. Kd2 b4 30. Rac1 bxc3+ 31. Bxc3 Rb7 32. Rb1 Rb3 33. Rxb3 cxb3 34. gxf5 0-1